Pokemon Moves and Potter Spells Quiz Stats

 Plays Quiz not verified by Sporcle

Challenge
Share
Tweet
Embed
Score 0/12 Timer 10:00
0 Plays Today
Pokemon Move Spell % Correct
FlashLumos
78.4%
AmnesiaObliviate
70.6%
Water GunAguamenti
60.8%
EmberIncendio
54.9%
Confuse RayConfundo
54.9%
ExplosionExpulso or Confringo
54.9%
Light Screen/ReflectProtego
51%
Mind ReaderLegilimens
47.1%
Cut/SlashDiffindo
39.2%
MinimizeReducio
37.3%
Thunder Wave/GlarePetrificus Totalus or Impedimenta
33.3%
Bind/WrapIncarcerous
13.7%

You're not logged in!

Compare scores with friends on all Sporcle quizzes.
OR
Log In

You Might Also Like...

Show Comments

Extras

Top Quizzes Today


Score Distribution

Your Account Isn't Verified!

In order to create a playlist on Sporcle, you need to verify the email address you used during registration. Go to your Sporcle Settings to finish the process.

Report this User

Report this user for behavior that violates our Community Guidelines.

Details: